“辣子鸡”地点数量≥100的地级行政区 Prefectures with ≥100 "Laziji" sites - Statistics

General Stats
  • This quiz has been taken 37 times
  • The average score is 5 of 13
Answer Stats
地级行政区 数量 % Correct
重庆 110
92%
贵阳 665
61%
遵义 182
61%
昆明 137
61%
黔南 105
42%
黔西南 137
36%
曲靖 111
28%
枣庄 424
22%
乌鲁木齐 361
22%
济南 248
22%
青岛 153
19%
昌吉 138
11%
渭南 139
0%
No matching quizzes found
Score Distribution
Percent of People with Each Score
Percentile by Number Answered
Your Score History
You have not taken this quiz